000 00508nam a2200169Ia 4500
003 GCL
008 140319s9999 xx 000 0 ara d
040 _aGCL /
_cGCL
082 0 4 _a813.009
_bس ا
100 1 _aسعد ابوالرضا
245 1 0 _aاثر جى دى موباسان فى القصة المصرية القصيرة /
_cسعد ابوالرضا
260 _a[S.N] :
_bمكتبة الرضا ،
_c1990
300 _a75 ص
490 _a
650 0 4 _aالادب المقارن
942 _2ddc
_cBK
999 _c32987
_d32987